01927nam a2200265Ia 4500001000600000003000900006008004100015040001300056040001300069041001300082100001700095100002900112245005800141245005800199250001100257260001100268260002000279260004900299300005700348500111600405650001701521650003101538700003801569700005401607H2047IT-RoPAU130308s9999 xx 000 0 und d aIT-RoPAU cIT-RoPAU aITALIANO aFabietti Ugo gCodice Aut. SPICS: 37185 aDal tribale al globale: introduzione all'antropologia bDal tribale al Globale: Introduzione All'Antropologia a1a ed. aMILANO bMondadori Bruno c2002 [1° Ed.:2002 - Ed.Ling.Originale:2002] a"158 p. (prefazione: no ; testo: 158 [pagine: 0-0])" a"L'Antropologia è Uno Strumento Indispensabile per comprendere Il Mondo Attuale. E' un Sapere in grado di produrre un Discorso Proprio, Epistemologicamente Autonomo, con le problematiche Specifiche che le Derivano Dalla Sua Storia di contatto con mondi Tribali e dal suo Apparato Concettuale. E' Nata da un contatto con Realtà Diverse, locali e Culturalmente Lontane. E' Ingrado di Leggere memorie e Identità che Sono Tipiche del Mondo Globale. parte Prima Redatta da Vincenzo Matera: Il Sapere della Differenza: Confini Disciplinari; Studio di Oggetti e Teorie; Oltre I Confini Disciplinari. parte seconda Redatta da Roberto Malighetti: Il Lavoro Etnografico: la Cospirazione del Silenzio; la Magia Etnografica di Malinowski; la negoziazione Deisignificati: Campo e testo . parte Terza Redatta da Ugo Fabietti: Il Traffico delle Culture: L'Antropologia nel Mondo Attuale; nell'Ecumene Globale; Nuovi Paesaggi; Processi Mimetici nel Traffico delle Culture; nuove Identità e nuove Opposizioni nella Modernizzazione; Elaborazione Culturale della Marginalità e Dello Sfruttamento. Bibliografia Generale." aANTROPOLOGIA eCodice materia Spics: 3501 aMalighetti RobertoMatera Vincenzo gCodice Aut. SPICS: 56877Codice Aut. SPICS: 44021